Statistics for Films About Time Travel

Click here to take the quiz!

General Stats

  • This quiz has been taken 98 times
    (68 since last reset)
  • The average score is 11 of 20

Answer Stats

HintAnswer% Correct
Teenager drives to the past in a nuclear car, has to make his parents fall in loveBack to the Future
98%
Grumpy weatherman repeats the same day, drives off a cliff with a rodentGroundhog Day
86%
Robot travels to the past to kill someone's mother before he's conceived; his father travels back to protect her and conceive himThe Terminator
85%
Two morons kidnap historical figures to pass a test so that their band can change the futureBill and Ted's Excellent Adventure
75%
Four drunk friends travel to the past in a hot tub and badly rename GoogleHot Tub Time Machine
71%
Human travels to an alien planet, gets put on trial, then sees a broken statuePlanet of the Apes
71%
Romulan gets opportunity to prevent his planet from being destroyed, but decides to destroy Vulcan insteadStar Trek
71%
Earth's strongest alien flies around the planet really fast to defeat a bald guy and save his girlfriendSuperman
66%
Hitmen kill people sent from the future, including their future selvesLooper
58%
Prisoner is sent back in time to find an unmutated version of a virus that wiped out humanity12 Monkeys
56%
A 19th Century guy travels to a future where humans are food for MorlocksThe Time Machine
54%
Librarian has a gene that causes him to travel through time involuntarily, which sucks for his wifeThe Time Traveler's Wife
54%
Astronaut uses the fifth dimension to send codes to his daughter so that he can find the fifth dimension and send codes to his daughterInterstellar
53%
Mutant travels back to the 70s to stop another mutant from assassinating the creator of mutant-killing robotsX-Men: Days of Future Past
51%
Asthon Kutcher can change his past by reading his journalThe Butterfly Effect
47%
Neurosurgeon turned mystical sorcerer uses talisman to reverse time and trap a powerful enemy in a time loopDoctor Strange
37%
Alcoholic robot steals artifacts from the past by reading a code tattooed on his roommate's buttBender's Big Score
27%
Humans go to the past to find whales to answer their alien pen palsStar Trek IV: The Voyage Home
24%
Politician tries to profit from the Great Depression to fund a presidential campaign and assassinate the cop who will try to stop himTime Cop
24%
Inventor creates a time machine and travels with his granddaughters to a planet with evil robot aliensDr. Who and the Daleks
12%

Score Distribution

Percentile by Number Answered

Percent of People with Each Score

Your Score History

You have not taken this quiz since the last reset